Normal view
MARC view
- Gupta,S.K.etal.
Entry Personal Name
001 - CONTROL NUMBER
- control field: 6043
003 - CONTROL NUMBER IDENTIFIER
- control field: OSt
005 - DATE AND TIME OF LATEST TRANSACTION
- control field: 20180209113158.0
008 - FIXED-LENGTH DATA ELEMENTS
- fixed length control field: 180209|| aca||aabn | a|a d
040 ## - CATALOGING SOURCE
- Original cataloging agency: OSt
- Transcribing agency: OSt
100 ## - HEADING--PERSONAL NAME
- Personal name: Gupta,S.K.etal.
670 ## - SOURCE DATA FOUND
- Source citation: Work cat.: (OSt): Gupta,S.K.etal., ABC of Physics-XII, 2012